Online
Catalog

Aumento de la oferta hídrica. / (Record no. 52225)

MARC details
000 -CABECERA
campo de control de longitud fija 01593nam a2200289 a 4500
003 - IDENTIFICADOR DEL NÚMERO DE CONTROL
campo de control DO-SdBNP
005 - FECHA Y HORA DE LA ÚLTIMA TRANSACCIÓN
campo de control 20250521125724.0
007 - CAMPO FIJO DE DESCRIPCIÓN FÍSICA--INFORMACIÓN GENERAL
campo de control de longitud fija ta
008 - DATOS DE LONGITUD FIJA--INFORMACIÓN GENERAL
campo de control de longitud fija 220725e2010 dr a|||fr|||| 001 0 spa d
020 ## - NÚMERO INTERNACIONAL ESTÁNDAR DEL LIBRO
Número Internacional Estándar del Libro 9789945442878
040 ## - FUENTE DE LA CATALOGACIÓN
Centro catalogador/agencia de origen DO-SdBNP
Lengua de catalogación spa
Centro/agencia transcriptor BNPHU
082 #4 - NÚMERO DE LA CLASIFICACIÓN DECIMAL DEWEY
Número de edición 22
Número de documento/Ítem I59a
110 2# - ENTRADA PRINCIPAL--NOMBRE DE ENTIDAD CORPORATIVA
9 (RLIN) 6366
Nombre de entidad corporativa o nombre de jurisdicción como elemento de entrada Instituto Nacional de Recursos Hidráulicos (República Dominicana)
245 10 - MENCIÓN DE TÍTULO
Título Aumento de la oferta hídrica. /
Mención de responsabilidad, etc. Prólogo, Francisco T. Rodríguez
260 ## - PUBLICACIÓN, DISTRIBUCIÓN, ETC.
Lugar de publicación, distribución, etc. Santo Domingo :
Nombre del editor, distribuidor, etc. INDRHI,
300 ## - DESCRIPCIÓN FÍSICA
Extensión 179 p. :
Otras características físicas il., fotogrf. ;
Dimensiones 26 cm
500 ## - NOTA GENERAL
Nota general Incluye índice.
500 ## - NOTA GENERAL
Nota general Incluye glosario de términos p. 177
505 0# - NOTA DE CONTENIDO CON FORMATO
Nota de contenido con formato Prólogo.
505 0# - NOTA DE CONTENIDO CON FORMATO
Nota de contenido con formato Introducción.
Información miscelánea Capítulo I.
Título Perspectiva del aumento de la oferta hídrica. /
Mención de responsabilidad Ing. Francisco T. Rodríguez.--
Información miscelánea Capítulo II.
Título Captación o cosecha de agua de lluvia. Diseño de sistemas de capatación de agua de lluvia. /
Mención de responsabilidad Dr. Manuel Anaya Garduño.--
Información miscelánea Capítulo III.
Título Reuso de agua./
Mención de responsabilidad Ingeniero Civil. M. Sc. Manuel Cerda Gaete.--
Información miscelánea Capítulo IV.
Título Recarga controlada de acuíferos. /
Mención de responsabilidad M: Sc. Carlos Gutiérrez Ojeda.--
Información miscelánea Capítulo V.
Título Aplicación de indice de sustentabilidad de cuencas. /
Mención de responsabilidad Ing. M:Sc (c) A. Elizabeth Corté e ing. Magister Jorge Núñez.--
Título Referencias Bibliográficas
-- Índices de cuadros.--
-- Índices de figuras.--
-- Glosrio.
590 ## - NOTA LOCAL (RLIN)
Nota local Inventariado 2022 / MF
650 #0 - PUNTO DE ACCESO ADICIONAL DE MATERIA--TÉRMINO DE MATERIA
Término de materia o nombre geográfico como elemento de entrada Abastecimiento de agua
9 (RLIN) 11680
Subdivisión geográfica República Dominicana
650 #7 - PUNTO DE ACCESO ADICIONAL DE MATERIA--TÉRMINO DE MATERIA
Término de materia o nombre geográfico como elemento de entrada Rcursos Hídricos
9 (RLIN) 14491
Subdivisión geográfica República Dominicana
Fuente del encabezamiento o término LEMB
700 1# - PUNTO DE ACCESO ADICIONAL--NOMBRE DE PERSONA
9 (RLIN) 65141
Nombre de persona Rodríguez T., Francisco
Término indicativo de función/relación pról.
910 ## - DATOS DE OPCIÓN DEL USUARIO (OCLC)
Datos de opción del usuario MFeliz
942 ## - ELEMENTOS DE PUNTO DE ACCESO ADICIONAL (KOHA)
Fuente del sistema de clasificación o colocación Dewey Decimal Classification
Tipo de ítem Koha Libro
Holdings
Estado de retiro Estado de pérdida Fuente del sistema de clasificación o colocación Restricciones de uso No para préstamo Código de colección Localización permanente Ubicación/localización actual Ubicación en estantería Fecha de adquisición Fuente de adquisición Total de préstamos Signatura topográfica completa Código de barras Fecha visto por última vez Precio válido a partir de Tipo de ítem Koha
    Dewey Decimal Classification Excluido de préstamo   Dominicana de Servicio Biblioteca Nacional Pedro Henríquez Ureña Biblioteca Nacional Pedro Henríquez Ureña En catalogación 25.07.2018 Donado por CERTV   I59a 2022-3553 25.07.2022 25.07.2022 Libro

Powered by Koha